01165nmc a2200349 a 4500003000900000005001700009008004100026020001700067040001300084100003100097245004500128260005400173300002100227490006300248500004700311500005000358500006100408650002300469650001400492650002600506650003600532650002500568650002700593650003200620650002800652650001800680651002100698653001400719700002200733700002500755800003500780AR-BaBNM20251128202824.0011101s1984 ||||||||||||||000 | spa|| a950-13-116-0 cAR-BaBNM1 aNassif, Ricardod1924-198410aEl sistema educativo en América Latina aBuenos AiresbKapeluszbUnescobCepalbPNUDc19840 a139 p.bgráfs. 0aBiblioteca de cultura pedagógica. Educación y sociedad0 aContiene notas al final de cada capítulo0 aCEPAL: COMISION ECONOMICA PARA AMERICA LATINA0 aPNUD: PROGRAMA DE LAS NACIONES UNIDAS PARA EL DESARROLLO 4aSISTEMAS ESCOLARES 4aPEDAGOGIA 4aLIBERTAD DE ENSENANZA 4aDEMOCRATIZACION DE LA EDUCACION 4aNIVELES DE ENSENANZA 4aPROCESO DE APRENDIZAJE 4aINDICADORES SOCIOECONOMICOS 4aCALIDAD DE LA EDUCACION 4aTOTALITARISMO 4aAmérica Latina 0aAUTONOMIA1 aRama, Germán W.1 aTedesco, Juan Carlos1 aTedesco, Juan Carlosedirector